Catalog

Record Details

Catalog Search



The first day of school / by Matt Huntley ; ... Read More

Huntley, Matt,(author.).
Ziegler-Sullivan, Ursula,(author.). Fruchter, Jason,(illustrator.). ... Read More
Series: PAW patrol

Available copies

  • 0 of 1 copy available at LARL/NWRL Consortium. (Show)
  • 0 of 1 copy available at Northwest Regional Library.

Current holds

0 current holds with 1 total copy.

Show Only Available Copies
Location Call Number / Copy Notes Barcode Shelving Location Status Due Date
Thief River Falls Public Library e HUN (Text) 35500006785958 Main Checked out 07/02/2026

Record details

  • ISBN: 0593812484
  • ISBN: 9780593812488
  • Physical Description: 1 volume (unpaged) : color illustrations ; 24 cm.
  • Publisher: New York : Random House, [2024]

Content descriptions

General Note:
At head of title: Nickelodeon.
Based on the teleplay "Pups save a school day" by Ursula Ziegler-Sullivan.
Summary, etc.:
Alex Porter is excited for the first day of ... Read More
Subject: Schools > Juvenile fiction.
First day of school > Juvenile fiction.
Dogs > Juvenile fiction.
LDR 02023cam a2200421Mi 4500
001437554
003LARL_NWRL_CONSORTIUM
00520240513182746.0
008230915s2024 nyua j 000 1 eng d
040 . ‡aYDX ‡beng ‡erda ‡cYDX ‡dBDX ‡dOCLCO ‡dCCPLG ‡dFLW
020 . ‡a0593812484
020 . ‡a9780593812488
035 . ‡a(OCoLC)1397049582
082 4. ‡a[E]
1001 . ‡aHuntley, Matt, ‡eauthor.
24514. ‡aThe first day of school / ‡cby Matt Huntley ; illustrated by Jason Fruchter.
2463 . ‡aPaw Patrol : ‡bFirst day of school
2461 . ‡iAt head of title: ‡aNickelodeon Paw Patrol
264 1. ‡aNew York : ‡bRandom House, ‡c[2024]
264 4. ‡c©2024
300 . ‡a1 volume (unpaged) : ‡bcolor illustrations ; ‡c24 cm.
336 . ‡atext ‡btxt ‡2rdacontent
337 . ‡aunmediated ‡bn ‡2rdamedia
338 . ‡avolume ‡bnc ‡2rdacarrier
4900 . ‡aPAW patrol
500 . ‡aAt head of title: Nickelodeon.
500 . ‡aBased on the teleplay "Pups save a school day" by Ursula Ziegler-Sullivan.
520 . ‡aAlex Porter is excited for the first day of school—until his new red backpack goes missing. Can Chase, Skye, and the rest of Adventure Bay’s PAW patrol save the school day? Children ages 3 to 7 will enjoy this hardcover storybook that introduces kids to buses, classrooms, classmates, and teachers—and includes more than 50 stickers. Get on the case with Nickelodeon's PAW Patrol! Chase, Marshall, Rubble, Skye, and the rest of the puppy heroes are always ready to save their friends and protect the community of Adventure Bay using their PAWsome vehicles, tools, and teamwork.
650 0. ‡aSchools ‡vJuvenile fiction. ‡0(LARL_NWRL_CONSORTIUM)167227
650 0. ‡aFirst day of school ‡vJuvenile fiction. ‡0(LARL_NWRL_CONSORTIUM)172117
650 0. ‡aDogs ‡vJuvenile fiction. ‡0(LARL_NWRL_CONSORTIUM)164650
7001 . ‡aZiegler-Sullivan, Ursula, ‡eauthor.
7001 . ‡aFruchter, Jason, ‡eillustrator. ‡0(LARL_NWRL_CONSORTIUM)152338
7102 . ‡aNickelodeon (Firm) ‡0(LARL_NWRL_CONSORTIUM)153532
7300 . ‡aPAW Patrol (Television program)
901 . ‡a437554 ‡bAUTOGEN ‡c437554 ‡tbiblio

Additional Resources